Welcome to University of Cape Coast Library, Online Public Access Catalogue (OPAC)

Normal view MARC view

Entry Topical Term

Number of records used in: 3

001 - CONTROL NUMBER

  • control field: 31246

003 - CONTROL NUMBER IDENTIFIER

  • control field: OSt

005 - DATE AND TIME OF LATEST TRANSACTION

  • control field: 20231120140835.0

008 - FIXED-LENGTH DATA ELEMENTS

  • fixed length control field: 231120|| aca||aabn | a|a d

040 ## - CATALOGING SOURCE

  • Original cataloging agency: OSt
  • Transcribing agency: OSt

150 ## - HEADING--TOPICAL TERM

  • Topical term or geographic name entry element: Aquaculture
  • Geographic subdivision: Oceania
  • General subdivision: Management

670 ## - SOURCE DATA FOUND

  • Source citation: Work cat.: (OSt)0: Vulnerability of tropical Pacific fisheries and aquaculture to climate change /, 2011.
Koha©2022 UCC.All Right Reserved.Site Developed by Sam Jonah Library IT Team
<Home | Contact | Library publications |Research Tools | Research Guides |https://ucclivechat.library-gh.net/index.php/chat

If you have questions or concern please contact the Library.



PMB, University of Cape Coast

KOHA HOME